| 000 | 00723nam a2200217 i 4500 | ||
|---|---|---|---|
| 001 | 108763 | ||
| 003 | ES-MaACL | ||
| 005 | 20230906184714.0 | ||
| 007 | t| | ||
| 008 | 061121s1972 sp r ||||1| spa d | ||
| 100 | 1 |
_aMontoro Ballesteros, Alberto. _982694 |
|
| 245 | 1 | 0 |
_aFray Juan de Salazar, moralista y político ( 1619 ) / _cAlberto Montoro Ballesteros. |
| 250 | _a[ 1.ª ed.]. | ||
| 260 |
_aMadrid : _bEscelicer, _c1972. |
||
| 300 |
_a168 p. ; _c19 cm. |
||
| 490 | 1 |
_aBiblioteca hispánica de filosofía del derecho ; _v9 |
|
| 600 | 0 | 4 |
_aSalazar, Juan de. _9101813 |
| 830 | 0 |
_aBiblioteca hispánica de filosofía del derecho ; _v9 _9183210 |
|
| 852 |
_aES-MaACL _jC-49769 _bR.84889 |
||
| 999 |
_c108763 _d108763 |
||